| 000 | 00351nam a2200145Ia 4500 | ||
|---|---|---|---|
| 003 | OSt | ||
| 005 | 20231220071216.0 | ||
| 008 | 170524s9999 xx 000 0 und d | ||
| 020 | _a9788184110692 | ||
| 040 | _cIIMT UNIVERSITY | ||
| 100 | _aRAJSEKAR- T | ||
| 245 | 0 | _aMODERN MEDIA & TELEVISION JOURNALISM | |
| 260 | _bN DELHI SONALI | ||
| 942 |
_2ddc _c01 |
||
| 999 |
_c9319 _d9319 |
||